Rome of the Caesars (Record no. 2017)

MARC details
000 -LEADER
fixed length control field 006900000a22002290004500
003 - CONTROL NUMBER IDENTIFIER
control field LK-CoMWRAF
005 - DATE AND TIME OF LATEST TRANSACTION
control field 20231109105344.0
008 - FIXED-LENGTH DATA ELEMENTS--GENERAL INFORMATION
fixed length control field 230817t1974 ||||| |||| 00| 0 eng d
040 ## - CATALOGING SOURCE
Original cataloging agency LK-CoMWRAF
Modifying agency LK-CoMWRAF
Description conventions LK-CoMWRAF
041 ## - LANGUAGE CODE
Language code of text/sound track or separate title English
082 ## - DEWEY DECIMAL CLASSIFICATION NUMBER
Classification number 937
Item number DAL
942 ## - ADDED ENTRY ELEMENTS (KOHA)
Koha item type Books
100 ## - MAIN ENTRY--PERSONAL NAME
Personal name Dal Maso, Leonardo B.
700 ## - ADDED ENTRY--PERSONAL NAME
Personal name Hollingworth, Michael
Relator Term translator
242 ## - TRANSLATION OF TITLE BY CATALOGING AGENCY
Title Roma dei Cesari
245 ## - TITLE STATEMENT
Title Rome of the Caesars
260 ## - PUBLICATION, DISTRIBUTION, ETC. (IMPRINT)
Place of publication, distribution, etc. Firenze:
Name of publisher, distributor, etc. Bonechi-Edizioni
Date of publication, distribution, etc. 1974
300 ## - PHYSICAL DESCRIPTION
Extent 126 p. : ill. ; 28 cm.
Other physical details Bibliography and index included
490 ## - SERIES STATEMENT
Series statement Italia artistica, new series.
Volume/sequential designation 8
650 ## - SUBJECT ADDED ENTRY--TOPICAL TERM
Topical term or geographic name as entry element ROME(ITALY)-Description and travel
650 ## - SUBJECT ADDED ENTRY--TOPICAL TERM
Topical term or geographic name as entry element Rome (Italy)--Antiquities
Holdings
Withdrawn status Lost status Damaged status Not for loan Permanent Location Current Location Date acquired Full call number Barcode Koha item type
        Resource center, Muslim Women's Research And Action Forum Resource center, Muslim Women's Research And Action Forum 2023-08-17 937 DAL RAF1778 Books

Copyright © 2023 Muslim Women's Research and Action Forum (MWRAF), No 27/3, Anderson Road, Kalubowila, Dehiwela. Funded by The Asia Fundation